00167 a2200073 450000100060000010000050000624500520001126000300006357588 a aQuran on creation and expansion of the universe aLahorebMinhaj ul Quranc